Practical handbook of dewey decimal classification / (Record no. 8708)
[ view plain ]
| 000 -LEADER | |
|---|---|
| fixed length control field | 01303nam a22003737a 4500 |
| 001 - CONTROL NUMBER | |
| control field | 8708 |
| 003 - CONTROL NUMBER IDENTIFIER | |
| control field | BD-DhEWU |
| 005 - DATE AND TIME OF LATEST TRANSACTION | |
| control field | 20190508131641.0 |
| 008 - FIXED-LENGTH DATA ELEMENTS--GENERAL INFORMATION | |
| fixed length control field | 181208s2014 ind |||g |||| 001 0 eng d |
| 020 ## - INTERNATIONAL STANDARD BOOK NUMBER | |
| International Standard Book Number | 9788126906116 |
| 035 ## - SYSTEM CONTROL NUMBER | |
| System control number | (OcoLC) 181897895 |
| 040 ## - CATALOGING SOURCE | |
| Original cataloging agency | BD-DhEWU |
| Language of cataloging | eng |
| Transcribing agency | BD-DhEWU |
| Modifying agency | BD-DhEWU |
| 041 ## - LANGUAGE CODE | |
| Language code of text/sound track or separate title | eng |
| 082 04 - DEWEY DECIMAL CLASSIFICATION NUMBER | |
| Edition number | 23 |
| Classification number | 025.431 |
| Item number | SHP 2014 |
| 100 1# - MAIN ENTRY--PERSONAL NAME | |
| Personal name | Sharma, C.K. |
| 9 (RLIN) | 23602 |
| 245 10 - TITLE STATEMENT | |
| Title | Practical handbook of dewey decimal classification / |
| Statement of responsibility, etc | Dr. C.K. Sharma. |
| 260 ## - PUBLICATION, DISTRIBUTION, ETC. (IMPRINT) | |
| Place of publication, distribution, etc | New Delhi : |
| Name of publisher, distributor, etc | Atlantic, |
| Date of publication, distribution, etc | c2014 |
| 300 ## - PHYSICAL DESCRIPTION | |
| Extent | Vii, 220 p. ; |
| Dimensions | 22cm. |
| 504 ## - BIBLIOGRAPHY, ETC. NOTE | |
| Bibliography, etc | Includes index. |
| 526 ## - STUDY PROGRAM INFORMATION NOTE | |
| Program name | DIS |
| Requested Dept. (EWU) | DIS |
| 590 ## - LOCAL NOTE (RLIN) | |
| Local note | Abdul Latif |
| 650 #0 - SUBJECT ADDED ENTRY--TOPICAL TERM | |
| Topical term or geographic name as entry element | Classification |
| 9 (RLIN) | 20391 |
| Topical term or geographic name as entry element | Dewey Decimal-Handbooks |
| 9 (RLIN) | 23603 |
| 856 42 - ELECTRONIC LOCATION AND ACCESS | |
| Materials specified | WorldCat details |
| Uniform Resource Identifier | https://www.worldcat.org/title/practical-handbook-of-dewey-decimal-classification/oclc/181897895&referer=brief_results |
| 942 ## - ADDED ENTRY ELEMENTS (KOHA) | |
| Source of classification or shelving scheme | Dewey Decimal Classification |
| Koha item type | Text |
| Withdrawn status | Lost status | Source of classification or shelving scheme | Damaged status | Not for loan | Collection code | Home library | Current library | Shelving location | Date acquired | Source of acquisition | Cost, normal purchase price | Total Checkouts | Full call number | Barcode | Date last seen | Copy number | Price effective from | Koha item type | Date checked out | Total Renewals | Checked out |
|---|---|---|---|---|---|---|---|---|---|---|---|---|---|---|---|---|---|---|---|---|---|
| Dewey Decimal Classification | Not For Loan | Non-fiction | Dr. S. R. Lasker Library, EWU | Dr. S. R. Lasker Library, EWU | Reserve Section | 05/12/2018 | OnnoRokom | 624.00 | 025.431 SHP 2014 | 29384 | 08/12/2018 | C-1 | 08/12/2018 | Text | |||||||
| Dewey Decimal Classification | Not For Loan | Non-fiction | Dr. S. R. Lasker Library, EWU | Dr. S. R. Lasker Library, EWU | Reserve Section | 05/12/2018 | OnnoRokom | 624.00 | 025.431 SHP 2014 | 29385 | 08/12/2018 | C-2 | 08/12/2018 | Text | |||||||
| Dewey Decimal Classification | Non-fiction | Dr. S. R. Lasker Library, EWU | Dr. S. R. Lasker Library, EWU | Circulation Section | 05/12/2018 | OnnoRokom | 624.00 | 5 | 025.431 SHP 2014 | 29386 | 26/01/2026 | C-3 | 08/12/2018 | Text | 26/01/2026 | ||||||
| Dewey Decimal Classification | Non-fiction | Dr. S. R. Lasker Library, EWU | Dr. S. R. Lasker Library, EWU | Circulation Section | 06/05/2019 | OnnoRokom | 1028.00 | 025.431 SHP 2014 | 29798 | 08/05/2019 | C-4 | 08/05/2019 | Text | ||||||||
| Dewey Decimal Classification | Non-fiction | Dr. S. R. Lasker Library, EWU | Dr. S. R. Lasker Library, EWU | Circulation Section | 06/05/2019 | OnnoRokom | 1028.00 | 3 | 025.431 SHP 2014 | 29799 | 24/04/2025 | C-5 | 08/05/2019 | Text | 24/04/2025 | 1 | |||||
| Dewey Decimal Classification | Non-fiction | Dr. S. R. Lasker Library, EWU | Dr. S. R. Lasker Library, EWU | Circulation Section | 06/05/2019 | OnnoRokom | 1028.00 | 4 | 025.431 SHP 2014 | 29800 | 05/03/2026 | C-6 | 08/05/2019 | Text | 05/03/2026 | 05/05/2026 | |||||
| Dewey Decimal Classification | Non-fiction | Dr. S. R. Lasker Library, EWU | Dr. S. R. Lasker Library, EWU | Circulation Section | 06/05/2019 | OnnoRokom | 1028.00 | 1 | 025.431 SHP 2014 | 29801 | 29/01/2020 | C-7 | 08/05/2019 | Text | 29/01/2020 | ||||||
| Dewey Decimal Classification | Non-fiction | Dr. S. R. Lasker Library, EWU | Dr. S. R. Lasker Library, EWU | Circulation Section | 06/05/2019 | OnnoRokom | 1028.00 | 2 | 025.431 SHP 2014 | 29802 | 18/03/2025 | C-8 | 08/05/2019 | Text | 13/03/2025 | 2 |